Central Library OPAC University of Rajshahi

Natural symbols : (Record no. 45972)

MARC details
000 -LEADER
fixed length control field 00824nam a2200289 a 4500
001 - CONTROL NUMBER
control field 45972
003 - CONTROL NUMBER IDENTIFIER
rucl marc code BD-RjUL
005 - DATE AND TIME OF LATEST TRANSACTION
control field 20211209054106.0
008 - FIXED-LENGTH DATA ELEMENTS--GENERAL INFORMATION
fixed length control field 160730m19961970enka 001 0 eng d
020 ## - INTERNATIONAL STANDARD BOOK NUMBER
International Standard Book Number : 0415314542
035 ## - SYSTEM CONTROL NUMBER
System control number (BD-RjUL)46090
040 ## - CATALOGING SOURCE
Original cataloging agency BD-RjUL
Language of cataloging eng
Transcribing agency BD-RjUL
041 ## - LANGUAGE CODE
Language code of text/sound track or separate title eng
082 ## - DEWEY DECIMAL CLASSIFICATION NUMBER
Edition number 23
Classification number 302.222
Author mark and year DON 1996
100 1# - MAIN ENTRY--PERSONAL NAME
Personal name Douglas, Mary
Dates associated with a name 1921-2007.
9 (RLIN) 140572
245 10 - TITLE STATEMENT
Title Natural symbols :
Remainder of title Explorations in Cosmology /
Statement of responsibility, etc. Mary Douglas
250 ## - EDITION STATEMENT
Edition statement 2nd ed
260 ## - PUBLICATION, DISTRIBUTION, ETC. (IMPRINT)
Place of publication, distribution, etc. London :
Name of publisher, distributor, etc. Routledge,
Date of publication, distribution, etc. 1970, 1996
300 ## - PHYSICAL DESCRIPTION
Pagination xxxix, 196 p. ;
Size 23 cm.
500 ## - GENERAL NOTE
General note index.
650 #0 - SUBJECT ADDED ENTRY--TOPICAL TERM
Topical term or geographic name as entry element Human body
General subdivision Religious aspects.
9 (RLIN) 140573
Topical term or geographic name as entry element Human body
General subdivision Mythology.
9 (RLIN) 140574
Topical term or geographic name as entry element Symbolism.
9 (RLIN) 140575
Topical term or geographic name as entry element Ritual.
9 (RLIN) 140576
Topical term or geographic name as entry element Anthropology.
9 (RLIN) 140577
942 ## - ADDED ENTRY ELEMENTS (KOHA)
Source of classification or shelving scheme Dewey Decimal Classification
Koha item type Books
Holdings
Lost status Source of classification or shelving scheme Damaged status Not for loan Collection code Permanent Location Current Location Shelving location Date acquired Source of acquisition Cost, normal purchase price Total Checkouts Full call number Date last seen Copy number Koha item type
  Dewey Decimal Classification     Non-fiction Central Library, University of Rajshahi Central Library, University of Rajshahi   20/08/2007 Praragon enterprise,Dhaka 295.00   302.222 DON 1996 30/07/2016 C-2 Books
  Dewey Decimal Classification     Non-fiction Central Library, University of Rajshahi Central Library, University of Rajshahi   20/08/2007 Praragon enterprise,Dhaka 295.00   302.222 DON 1996 12/12/2016 C-3 Books